000 00608nam a2200193 i 4500
001 78734
003 ES-MaACL
005 20230906173810.0
007 t|
008 041015s1970 sp a |||| | spa d
100 1 _aHalpin, James F.
_961627
245 1 0 _aCero defectos
_b: una nueva dimensión en la garantía de calidad /
_cJames F. Halpin ; [traducida por Pedro Rimblas Verdejo].
250 _a1ª ed.
260 _aBarcelona :
_bCeac,
_c1970.
300 _a259 p. :
_bil. ;
_c23 cm.
650 4 _aControl de calidad.
_9146137
700 1 _aRimblas Verdejo, Pedro.
_997243
852 _aES-MaACL
_jC-44475
999 _c78734
_d78734